Hacia una renovación del crecimiento económico en América Latina / (Registro nro. 8670)
[ vista simple ]
| 000 -LEADER | |
|---|---|
| fixed length control field | 01392nam a2200265Ia 4500 |
| 003 - CONTROL NUMBER IDENTIFIER | |
| control field | OSt |
| 005 - DATE AND TIME OF LATEST TRANSACTION | |
| control field | 20211028151504.0 |
| 008 - FIXED-LENGTH DATA ELEMENTS--GENERAL INFORMATION | |
| fixed length control field | 210310s1986 mx fr 000 0dspa d |
| 020 ## - INTERNATIONAL STANDARD BOOK NUMBER | |
| International Standard Book Number | 0881320455 |
| 040 ## - CATALOGING SOURCE | |
| Original cataloging agency | CO-JMCR |
| Transcribing agency | CO-JMCR |
| 041 1# - LANGUAGE CODE | |
| Language code of text/sound track or separate title | spa |
| Language code of original | eng |
| 082 04 - DEWEY DECIMAL CLASSIFICATION NUMBER | |
| Classification number | 338.98 / |
| Item number | B171h |
| Edition number | 23 |
| 100 1# - MAIN ENTRY--PERSONAL NAME | |
| Personal name | Balassa, Bela, |
| 9 (RLIN) | 17947 |
| Relator term | autora |
| 245 10 - TITLE STATEMENT | |
| Title | Hacia una renovación del crecimiento económico en América Latina / |
| Statement of responsibility, etc. | Bela Balassa, Gerardo M. Bueno, Pedro-Pablo Kuczynski [y 1 más] ; texto traducido del inglés por: Carmelo Saavedra Arce |
| 260 ## - PUBLICATION, DISTRIBUTION, ETC. | |
| Place of publication, distribution, etc. | México : |
| Name of publisher, distributor, etc. | El Colegio de México : Fundacao Getúlio Vargas ; Institute for International Economics, |
| Date of publication, distribution, etc. | 1986 |
| 300 ## - PHYSICAL DESCRIPTION | |
| Other physical details | 70 páginas ; |
| Dimensions | 23 cm. |
| 500 ## - GENERAL NOTE | |
| General note | Incluye datos biográficos de los autores.<br/>"Resumen, visión global y recomendaciones"--Tapa |
| 505 0# - FORMATTED CONTENTS NOTE | |
| Formatted contents note | Visión global y recomendaciones -- Las experiencias latinoamericanas -- Los tipos de cambio y la política comercial -- El financiamiento del crecimiento económico -- La función del Estado y de la empresa estatal -- La formulación de políticas en un mundo interdependiente |
| 650 14 - SUBJECT ADDED ENTRY--TOPICAL TERM | |
| Topical term or geographic name entry element | Crecimiento económico |
| 9 (RLIN) | 17949 |
| 651 #4 - SUBJECT ADDED ENTRY--GEOGRAPHIC NAME | |
| Geographic name | América Latina |
| General subdivision | Política económica |
| 9 (RLIN) | 36232 |
| 700 1# - ADDED ENTRY--PERSONAL NAME | |
| Personal name | Bueno, Gerardo M., |
| Relator term | autor |
| 9 (RLIN) | 41254 |
| 700 1# - ADDED ENTRY--PERSONAL NAME | |
| Personal name | Kuczynski, Pedro-Pablo, |
| Relator term | autor |
| 9 (RLIN) | 41255 |
| 700 1# - ADDED ENTRY--PERSONAL NAME | |
| Personal name | Saavedra Arce, Carmelo, |
| Relator term | traductor |
| 9 (RLIN) | 41335 |
| 942 ## - ADDED ENTRY ELEMENTS (KOHA) | |
| Source of classification or shelving scheme | Dewey Decimal Classification |
| Koha item type | Books |
| Withdrawn status | Lost status | Source of classification or shelving scheme | Damaged status | Not for loan | Collection code | Home library | Current library | Date acquired | Source of acquisition | Full call number | Barcode | Date last seen | Copy number | Koha item type |
|---|---|---|---|---|---|---|---|---|---|---|---|---|---|---|
| Dewey Decimal Classification | Non-fiction | Biblioteca Pública José María del Castillo y Rada | Biblioteca Pública José María del Castillo y Rada | 04/15/2018 | Donación | 338.98 / B171h | 430005147 | 05/16/2024 | Ej.1 | Books |